Handbook of international trade and development statistics 1991 (Бичлэгийн дугаар. 145290)
| 000 -УДИРДЛАГА | |
|---|---|
| Удирдлага | 01751 a2200397 4500 |
| 003 - ХЯНАЛТЫН ТОО ТОДОРХОЙЛОГЧ | |
| Код | MN-UlNUM |
| 005 - БИЧИЛТ ХИЙСЭН ОГНОО | |
| Тухайн бичилтийг бичсэн засварласан сүүлийн огноо | 20251104161012.0 |
| 008 - ЕРӨНХИЙ МЭДЭЭЛЭЛ | |
| Ерөнхий мэдээлэл | 110605s1992 nyu 000 | eng d |
| 020 ## - ISBN | |
| ISBN | 9210120299 |
| 022 ## - ISSN | |
| ISSN | 02519461 |
| 040 ## - БИЧЛЭГ ҮҮСГЭГЧ БАЙГУУЛЛАГА | |
| Бичлэг үүсгэгч номын сангийн код | МУИС-ийн номын сан |
| 084 ## - ББК АНГИЛАЛ | |
| ББК ангилал | 65.428 |
| Зохиогчийн гурван тэмдэгт | H 22 |
| Нэмэлт тусгалт | Гарын авлага |
| Мэдлэгийн ялгаа | 65 - Эдийн засаг |
| 110 ## - ЭРХЛЭН ГАРГАСАН /БАЙГУУЛЛАГА/ | |
| Эрхлэн гаргасан байгууллага | United Nations Conference on Trade and Development |
| 245 00 - ҮНДСЭН ГАРЧИГ | |
| Номын нэр | Handbook of international trade and development statistics 1991 |
| Бага гарчгийн мэдээ | TD/STAT.19 |
| 250 ## - ДАХИН ХЭВЛЭЛТ | |
| Дахин гаралтын дугаар | Manuel de statistiques du commerce international et du développement |
| 260 ## - ГАРАЛТЫН МЭДЭЭ | |
| Хэвлэгдсэн газар | New York |
| Хэвлэлийн газар | United Nations Publication |
| Хэвлэгдсэн он | 1992 |
| 300 ## - МАТЕРИАЛЫН ТОДОРХОЙЛОЛТ | |
| хуудасны тоо | 563 p, |
| 500 ## - Тайлбар | |
| Дансны дугаар | БС 5649 |
| 546 ## - ХЭЛНИЙ ТУХАЙ МЭДЭЭ | |
| Хэл | Англи хэл дээр, |
| 653 ## - Түлхүүр үг | |
| Түлхүүр үг | commercial statistics |
| 653 ## - Түлхүүр үг | |
| Түлхүүр үг | economic indicators |
| 653 ## - Түлхүүр үг | |
| Түлхүүр үг | developing countries |
| 653 ## - Түлхүүр үг | |
| Түлхүүр үг | balance of payments |
| 653 ## - Түлхүүр үг | |
| Түлхүүр үг | financial statistics |
| 653 ## - Түлхүүр үг | |
| Түлхүүр үг | commodity trade |
| 653 ## - Түлхүүр үг | |
| Түлхүүр үг | handbook |
| 740 ## - НОМЫН ГАРЧИГ | |
| Гарчиг | Value, growth and shares of world trade in current prices; trade balances; intra-trade by region |
| 740 ## - НОМЫН ГАРЧИГ | |
| Гарчиг | Volume, unit value, and terms of trade indices for developed and developing countries and territories by region and economic grouping; commodity and manufactured goods price indices; consumer price indices |
| 740 ## - НОМЫН ГАРЧИГ | |
| Гарчиг | Network of world trade: summary by selected regions of origin and destination; export and import structure by selected commodity groups |
| 740 ## - НОМЫН ГАРЧИГ | |
| Гарчиг | Export and import structure by commodity and by country; major exports of developing countries and territories by leading exporters |
| 740 ## - НОМЫН ГАРЧИГ | |
| Гарчиг | Balance of payments, financial resource flows and external indebtedness |
| 740 ## - НОМЫН ГАРЧИГ | |
| Гарчиг | Some basic indicators of development |
| 740 ## - НОМЫН ГАРЧИГ | |
| Гарчиг | Special studies |
| 942 ## - ЭЛЕМЕНТИЙН ТӨРӨЛ | |
| Зүйлийн төрөл | Ном |
